000 00880nas a2200289 4500
001 BR0303169
003 BR-BrBNA
005 20231205103907.0
007 ta
008 230509b bl.|||p| |||| 00| 00por d
040 _aBR-BrBNA
_bpor
_cBiblioteca Nacional de Agricultura
041 _a(Pt)
072 _aH20; J11
100 1 _aMuniz, M. de F.S.
100 1 _aRocha, D.F.
100 1 _aSilveira, N.S.S.
100 1 _aMenezes, M.
245 1 _aIdentificação de fungos causadores de doenças em frutos pós-colheita comercializados no estado de Alagoas
650 _aFRUTA TROPICAL
650 _aPÓS-COLHEITA
650 _aFUNGO
650 _aIDENTIFICAÇÃO
650 _aALAGOAS
773 0 _tSumma Phytopathologica (Brazil)
_xISSN 0100-5405
_g(Jan-Mar 2003), v. 29(1) p. 38-42
_wBR0303169
909 _a202311
_bLúcia
_c55
_dLúcia Elande
942 _2AGRIS
_n0
_cANA
999 _c175307
_d175307